000 00970cam a2200277 i 4500
001 bg
003 BPK
005 20190719115158.0
008 020321s1977 pl a f f |001 0 pol
015 _aPB 1977/7326
040 _aWA N
_cBPK
041 0 _apol
080 _a53
080 _a(075.8)
100 1 _aHerman, Marian Augustyn
_d(1936-2015).
_eAutor
245 1 0 _aPodstawy fizyki dla kandydatów na wyższe uczelnie /
_cMarian Herman, Andrzej Kalestyński, Leszek Widomski.
260 _aWarszawa :
_bPańst. Wydaw. Naukowe,
_c1977.
300 _a569, [1] s., [2] k. tabl. :
_bil., tab., wykr. ;
_c25 cm.
504 _aIndeks.
650 4 _aFizyka
_xszkoły wyższe.
655 4 _aPodręczniki akademickie
700 1 _aKalestyński, Andrzej
_d(1927-2016).
_eAutor
700 1 _aWidomski, Leszek.
_eAutor
856 _uhttp://koha.tu.koszalin.pl/cgi-bin/koha/opac-detail.pl?biblionumber=2874
_yKatalog online BPK
942 _2UKD
_cKS
999 _c2874
_d2874